Computer for beginners (according to C.B.S.E. and I.C.S.E. syllabus) / (Record no. 509)
[ view plain ]
| 000 -LEADER | |
|---|---|
| fixed length control field | 00684nam a22002172 4500 |
| 001 - CONTROL NUMBER | |
| control field | 0000003950 |
| 005 - DATE AND TIME OF LATEST TRANSACTION | |
| control field | 20151021151102.0 |
| 008 - FIXED-LENGTH DATA ELEMENTS--GENERAL INFORMATION | |
| fixed length control field | 070517s xx 000 0 eng d |
| 020 ## - INTERNATIONAL STANDARD BOOK NUMBER | |
| International Standard Book Number | 8122306144 : |
| Terms of availability | KES 600 |
| 040 ## - CATALOGING SOURCE | |
| Original cataloging agency | KABU |
| Transcribing agency | KABU |
| 050 #0 - LIBRARY OF CONGRESS CALL NUMBER | |
| Classification number | QA76 |
| Item number | .J35 2001 |
| 100 1# - MAIN ENTRY--PERSONAL NAME | |
| Personal name | Jain, V. K. |
| -- | 0000159316 |
| 245 10 - TITLE STATEMENT | |
| Title | Computer for beginners (according to C.B.S.E. and I.C.S.E. syllabus) / |
| Statement of responsibility, etc. | V. K. Jain. |
| 260 ## - PUBLICATION, DISTRIBUTION, ETC. (IMPRINT) | |
| Place of publication, distribution, etc. | Delhi : |
| Name of publisher, distributor, etc. | Pustak Mahal, |
| Date of publication, distribution, etc. | 2001. |
| 300 ## - PHYSICAL DESCRIPTION | |
| Extent | 210 p. |
| 650 #0 - SUBJECT ADDED ENTRY--TOPICAL TERM | |
| Topical term or geographic name as entry element | Computers. |
| -- | 0000153924 |
| 908 ## - PUT COMMAND PARAMETER (RLIN) | |
| Put command parameter | 070517 |
| 950 ## - LOCAL HOLDINGS (RLIN) | |
| -- | 1 |
| Withdrawn status | Lost status | Source of classification or shelving scheme | Not for loan | Home library | Current library | Date acquired | Total Checkouts | Full call number | Barcode | Date last seen | Price effective from | Koha item type | Damaged status | Date last checked out | Total Renewals |
|---|---|---|---|---|---|---|---|---|---|---|---|---|---|---|---|
| Lost and Paid For | Library of Congress Classification | Kabarak, Main Campus | Kabarak, Main Campus | 17/12/2015 | QA76 .J35 2001 | 004698 | 17/12/2015 | 17/12/2015 | General Collection | ||||||
| Library of Congress Classification | Kabarak, Main Campus | Kabarak, Main Campus | 17/12/2015 | 4 | QA76 .J35 2001 | 004699 | 13/12/2019 | 17/12/2015 | General Collection | 28/11/2019 | |||||
| Library of Congress Classification | Kabarak, Main Campus | Kabarak, Main Campus | 17/12/2015 | 4 | QA76 .J35 2001 | 004695 | 14/12/2019 | 17/12/2015 | General Collection | 30/11/2019 | |||||
| Library of Congress Classification | Kabarak, Main Campus | Kabarak, Main Campus | 17/12/2015 | 9 | QA76 .J35 2001 | 004696 | 09/12/2019 | 17/12/2015 | General Collection | 27/11/2019 | |||||
| Library of Congress Classification | Kabarak, Main Campus | Kabarak, Main Campus | 17/12/2015 | QA76 .J35 2001 | 17/12/2015 | 17/12/2015 | General Collection | ||||||||
| Library of Congress Classification | Kabarak, Main Campus | Kabarak, Main Campus | 17/12/2015 | QA76 .J35 2001 | 17/12/2015 | 17/12/2015 | General Collection | ||||||||
| Library of Congress Classification | Kabarak, Main Campus | Kabarak, Main Campus | 17/12/2015 | QA76 .J35 2001 | 17/12/2015 | 17/12/2015 | General Collection | ||||||||
| Library of Congress Classification | Kabarak, Main Campus | Kabarak, Main Campus | 17/12/2015 | 5 | QA76 .J35 2001 | 004697 | 17/12/2019 | 17/12/2015 | General Collection | 28/11/2019 | 1 | ||||
| Library of Congress Classification | Kabarak, Nakuru City Campus | Kabarak, Nakuru City Campus | 21/10/2015 | QA76 .J35 2001 c. 1 | 003125 | 21/10/2015 | 21/10/2015 | General Collection | |||||||
| Library of Congress Classification | Kabarak, Nakuru City Campus | Kabarak, Nakuru City Campus | 21/10/2015 | QA76 .J35 2001 c. 2 | 003126 | 21/10/2015 | 21/10/2015 | General Collection |